Capitais do Mundo - Ordem Alfabética - Statistics

Estatísticas Gerais
  • Esse quiz foi jogado 265 vezes
  • A pontuação média é 114 de 196
Estatísticas das Respostas
Países Capitais % Correto
Argentina Buenos Aires
95%
Alemanha Berlim
94%
Brasil Brasília
93%
França Paris
89%
Austrália Camberra
88%
Bélgica Bruxelas
86%
África do Sul Pretória, Cidade do Cabo, ou Bloemfontein
86%
Áustria Viena
86%
Espanha Madrid
85%
Canadá Ottawa
85%
China Pequim
85%
Chile Santiago
85%
Bolívia La Paz ou Sucre
84%
México Mexico City
84%
Japão Tóquio
84%
Estados Unidos Washington D.C.
84%
Noruega Oslo
83%
Grécia Atenas
81%
Portugal Lisboa
81%
Itália Roma
81%
Países Baixos Amesterdão
80%
Andorra Andorra-a-Velha
80%
Coréia do Sul Seul
80%
Colômbia Bogotá
79%
Egito Cairo
79%
Cuba Havana
79%
Angola Luanda
79%
Dinamarca Copenhaga
78%
Finlândia Helsínquia
78%
Mônaco Monaco
78%
Índia Nova Deli
78%
Arábia Saudita Riade
78%
Bulgária Sofia
78%
Reino Unido Londres
76%
Rússia Moscovo
76%
Equador Quito
76%
Irlanda Dublin
75%
Luxemburgo Luxemburgo
75%
Hungria Budapeste
74%
Coréia do Norte Pyongyang
74%
Argélia Argel
73%
Afeganistão Cabul
73%
Israel Jerusalém
73%
Peru Lima
73%
Albânia Tirana
73%
Catar Doha
71%
Bielorrússia Minsk
71%
Polônia Varsóvia
71%
Croácia Zagreb
71%
Paraguai Assunção
70%
Suíça Berna
70%
El Salvador San Salvador
70%
Bósnia e Herzegovina Sarajevo
70%
Nova Zelândia Wellington
70%
Emirados Árabes Unidos Abu Dhabi
69%
Romênia Bucareste
69%
Bangladesh Daca
69%
Jamaica Kingston
69%
São Vicente e Granadinas Kingstown
69%
San Marino San Marino
69%
Iraque Bagdá
68%
Guatemala Cidade da Guatemala
68%
Panamá Cidade do Panamá
68%
Suécia Estocolmo
68%
Indonésia Jakarta
68%
República Checa Praga
68%
Vaticano Vaticano
68%
Venezuela Caracas
66%
Haiti Porto Príncipe
66%
Ucrânia Kiev
65%
Nicarágua Manágua
65%
Costa Rica San José
65%
Líbano Beirute
64%
Eslováquia Bratislava
64%
Síria Damasco
64%
Guiana Georgetown
64%
Filipinas Manila
64%
Cabo Verde Praia
64%
Islândia Reykjavík
64%
Irã Teerã
64%
Malta Valeta
64%
Azerbaijão Baku
63%
Bahamas Nassau
63%
Chipre Nicosia
63%
Marrocos Rabat
63%
Sérvia Belgrado
61%
Djibouti Djibouti
61%
Uruguai Montevidéu
61%
Letónia Riga
61%
Lituânia Vilnius
61%
Guiné-Bissau Bissau
60%
Singapura Singapura
60%
Estônia Tallinn
60%
Honduras Tegucigalpa
60%
Eslovénia Liubliana
59%
Moçambique Maputo
59%
Quênia Nairóbi
59%
Turquia Ancara
58%
Tailândia Bangkok
58%
Senegal Dakar
58%
Malásia Kuala Lumpur
58%
Kuweit Kuweit
58%
Liechtenstein Vaduz
58%
Moldávia Chișinău
56%
Cazaquistão Nursultan
56%
Suriname Paramaribo
56%
Montenegro Podgorica
56%
Kosovo Pristina
56%
República Dominicana Santo Domingo
56%
Gana Accra
55%
Jordânia Amã
55%
Belize Belmopan
55%
Paquistão Islamabad
55%
Antígua e Barbuda Saint John's
55%
Iémen Saná
55%
Etiópia Adis Abeba
54%
Armênia Erevan
54%
Maldivas Malé
54%
Geórgia Tbilisi
54%
Mongólia Ulaanbaatar
54%
Camarões Yaoundé
54%
Nigéria Abuja
53%
Macedónia do Norte Escópia
53%
São Tomé e Príncipe São Tomé
53%
Madagáscar Antananarivo
51%
Seychelles Victoria
51%
Barbados Bridgetown
50%
Nepal Catmandu
50%
Bahrein Manama
50%
Taiwan Taipé
50%
Serra Leoa Freetown
49%
Líbia Trípoli
49%
Eritreia Asmara
48%
Botswana Gaborone
48%
Vietname Hanói
48%
Trinidad e Tobago Port-of-Spain
48%
Tunísia Tunes
48%
Laos Vientiane
48%
Sudão Cartum
46%
Omã Mascate
46%
Camboja Phnom Penh
46%
Benim Porto-Novo ou Cotonou
46%
Dominica Roseau
46%
Fiji Suva
46%
Estados Federados da Micronésia Palikir
45%
Butão Thimbu
45%
Samoa Apia
44%
República do Congo Brazzaville
44%
Santa Lúcia Castries
44%
Timor Leste Díli
44%
Ruanda Kigali
44%
Granada Saint George's
44%
Costa do Marfim Yamoussoukro
44%
São Cristóvão e Nevis Basseterre
43%
Sudão do Sul Juba
43%
Gabão Libreville
43%
Ilhas Marshall Majuro
43%
Níger Niamey
43%
Maurícia Port Louis
43%
Brunei Bandar Seri Begawan
41%
Guiné Conacri
41%
Tanzânia Dodoma
41%
Uganda Kampala
41%
Nauru Yaren
41%
Ilhas Salomão Honiara
40%
República Democrática do Congo Kinshasa
40%
Birmânia Naypyidaw
40%
Papua Nova Guiné Port Moresby
40%
Togo Lomé
39%
Somália Mogadíscio
39%
Gâmbia Banjul
38%
Quirguistão Bisqueque
38%
Tajiquistão Duchambé
38%
Zâmbia Lusaka
38%
Libéria Monróvia
38%
Comores Moroni
38%
Burundi Gitega
36%
República Centro-Africana Bangui
35%
Sri Lanka Kotte
35%
Guiné Equatorial Malabo
35%
Chade N'Djamena
35%
Burkina Faso Ouagadougou
35%
Turquemenistão Asgabate
34%
Vanuatu Port Vila
34%
Uzbequistão Tashkent
34%
Mali Bamako
33%
Zimbábue Harare
31%
Lesoto Maseru
31%
Kiribati Tarawa
31%
Namíbia Windhoek
31%
Tuvalu Funafuti
30%
Malawi Lilongwe
30%
Mauritânia Nouakchott
30%
Suazilândia Mbabane
26%
Palau Ngerulmud
23%
Tonga Nukuʻalofa
20%
Nenhum quiz correspondente encontrado
Distribuição das Pontuações
Porcentagem de Pessoas com Cada Pontuação
Percentil de Números Respondidos
Sua Pontuação Histórica
Você não jogou esse quiz